00489nam a2200193 a 450000100060000000300090000600800410001502000120005604000280006808200100009610000220010624500240012826000330015230000100018549000280019565000430022394200120026699900170027819342CO-ViMGA141112s2004 ck r 000 u spa d a6390721 aCO-ViMGAbspacCO-ViMGA04aGOSro1 aGoscinny, 92777310aLa Rosa y la espada aBarcelona : bGrijalbo; 1992 a48 p. aUna aventura de Asterix14aCUENTOS INFANTILES DE AVENTURAS927774 2ddccBK c28499d28499